[Event "Helsingor Xtracon op"]
[Site "Helsingor"]
[Date "2016.07.30"]
[Round "9"]
[White "Nielsen, Jens Holm"]
[Black "Skjolingstad, Sverre"]
[Result "1/2-1/2"]
[WhiteElo "1801"]
[BlackElo "1509"]
[PlyCount "68"]
[EventDate "2016.07.23"]
[EventType "swiss"]
[EventRounds "10"]
[EventCountry "DEN"]
[SourceTitle "CBM 173 Extra"]
[Source "ChessBase"]
[SourceDate "2016.08.29"]
[SourceVersion "1"]
[SourceVersionDate "2016.08.29"]
[SourceQuality "1"]

1. Nc3 c5 2. Nf3 Nc6 3. d4 cxd4 4. Nxd4 e6 5. Bf4 a6 6. e4 d6 7. Nxc6 bxc6 8. Bd3 Nf6 9. 0-0 Be7 10. e5 Nd5 11. Nxd5 cxd5 12. Qg4 dxe5 13. Bxe5 Bf6 14. Qd4 Bxe5 15. Qxe5 Qf6 16. Qd6 Qe7 17. Qxe7+ Kxe7 18. f4 a5 19. Rae1 f6 20. Rf3 Rb8 21. b3 Rb6 22. c4 dxc4 23. Bxc4 Ba6 24. Bxa6 Rxa6 25. Rc3 Rd8 26. Rec1 Rad6 27. Rc7+ R6d7 28. Rxd7+ Rxd7 29. Rc2 Rd4 30. g3 Kd7 31. Kf2 h6 32. Ke3 Rd5 33. Rc4 g5 34. Ra4 gxf4+ 1/2-1/2

[Event "Helsingor Xtracon op"]
[Site "Helsingor"]
[Date "2016.07.29"]
[Round "8"]
[White "Stray, Gunnar"]
[Black "Nielsen, Jens Holm"]
[Result "1-0"]
[WhiteElo "2074"]
[BlackElo "1801"]
[PlyCount "57"]
[EventDate "2016.07.23"]
[EventType "swiss"]
[EventRounds "10"]
[EventCountry "DEN"]
[SourceTitle "CBM 173 Extra"]
[Source "ChessBase"]
[SourceDate "2016.08.29"]
[SourceVersion "1"]
[SourceVersionDate "2016.08.29"]
[SourceQuality "1"]

1. d4 d5 2. Nf3 Nf6 3. e3 c6 4. Bd3 g6 5. 0-0 Bg7 6. Nbd2 0-0 7. c4 Nbd7 8. h3 Re8 9. e4 dxe4 10. Nxe4 Nxe4 11. Bxe4 Qb6 12. Rb1 e5 13. Nxe5 Nxe5 14. dxe5 Rxe5 15. Be3 c5 16. Bc2 a5 17. a3 Re8 18. b4 Qe6 19. Bxc5 Qxc4 20. Ba4 b5 21. Rc1 Qe2 22. Qxe2 Rxe2 23. Bxb5 Ra2 24. Bc6 Rb8 25. Ba7 Rb7 26. Bxb7 Bxb7 27. bxa5 Rxa3 28. Rb1 Bc8 29. Rfc1 1-0

[Event "Helsingor Xtracon op"]
[Site "Helsingor"]
[Date "2016.07.26"]
[Round "5"]
[White "Nielsen, Jens Holm"]
[Black "Opseth, Oliver"]
[Result "1/2-1/2"]
[WhiteElo "1801"]
[BlackElo "1545"]
[PlyCount "64"]
[EventDate "2016.07.23"]
[EventType "swiss"]
[EventRounds "10"]
[EventCountry "DEN"]
[SourceTitle "CBM 173 Extra"]
[Source "ChessBase"]
[SourceDate "2016.08.29"]
[SourceVersion "1"]
[SourceVersionDate "2016.08.29"]
[SourceQuality "1"]

1. Nc3 e5 2. Nf3 Nc6 3. d4 exd4 4. Nxd4 Nxd4 5. Qxd4 Nf6 6. Bg5 Be7 7. 0-0-0 h6 8. Bh4 d6 9. f3 c5 10. Qd2 Be6 11. e4 0-0 12. Be2 b5 13. Bxf6 Bxf6 14. Nd5 Bxd5 15. exd5 a5 16. Bxb5 a4 17. c4 a3 18. b3 Bg5 19. f4 Bf6 20. Kc2 Bd4 21. Rde1 Qf6 22. Re2 Qf5+ 23. Qd3 Qxf4 24. Re4 Qf2+ 25. Qe2 Qxe2+ 26. Rxe2 f5 27. Rf1 f4 28. Kd3 g5 29. Re6 Rf6 30. Rxf6 Bxf6 31. Ke4 Kg7 32. Kf5 Rf8 1/2-1/2

[Event "Helsingor Xtracon op"]
[Site "Helsingor"]
[Date "2016.07.24"]
[Round "3"]
[White "Nielsen, Jens Holm"]
[Black "Yilmaz, Kazim"]
[Result "0-1"]
[WhiteElo "1801"]
[BlackElo "1542"]
[PlyCount "54"]
[EventDate "2016.07.23"]
[EventType "swiss"]
[EventRounds "10"]
[EventCountry "DEN"]
[SourceTitle "CBM 173 Extra"]
[Source "ChessBase"]
[SourceDate "2016.08.29"]
[SourceVersion "1"]
[SourceVersionDate "2016.08.29"]
[SourceQuality "1"]

1. Nc3 Nc6 2. e4 e5 3. Nf3 Nf6 4. d4 Nxd4 5. Nxd4 exd4 6. Qxd4 c5 7. Qe5+ Qe7 8. Qxe7+ Bxe7 9. Be2 d6 10. 0-0 0-0 11. Nd5 Nxd5 12. exd5 Bf5 13. c4 Bf6 14. Rd1 Rfe8 15. Bf1 Bd4 16. h3 Re7 17. a4 Rae8 18. Ra3 Re1 19. Rxe1 Rxe1 20. Bd2 Rd1 21. Be3 Bc2 22. Bxd4 cxd4 23. f3 d3 24. c5 dxc5 25. d6 Kf8 26. Kf2 Rxf1+ 27. Kxf1 d2 0-1

[Event "Helsingor Xtracon op"]
[Site "Helsingor"]
[Date "2016.07.23"]
[Round "1"]
[White "Nielsen, Jens Holm"]
[Black "Lenaerts, Lennert"]
[Result "0-1"]
[WhiteElo "1801"]
[BlackElo "2259"]
[PlyCount "53"]
[EventDate "2016.07.23"]
[EventType "swiss"]
[EventRounds "10"]
[EventCountry "DEN"]
[SourceTitle "CBM 173 Extra"]
[Source "ChessBase"]
[SourceDate "2016.08.29"]
[SourceVersion "1"]
[SourceVersionDate "2016.08.29"]
[SourceQuality "1"]

1. Nc3 Nf6 2. Nf3 d5 3. d4 Bg4 4. h3 Bh5 5. g4 Bg6 6. Ne5 Nbd7 7. Nxg6 hxg6 8. Bg2 e6 9. f4 Bb4 10. a3 Bxc3+ 11. bxc3 Ne4 12. g5 Nxc3 13. Qd3 Na4 14. e4 c6 15. Rb1 Nab6 16. 0-0 0-0 17. e5 Nc8 18. Bd2 Ne7 19. Bb4 c5 20. dxc5 a5 21. Bd2 Nxc5 22. Qb5 Ne4 23. Bxe4 dxe4 24. Rfd1 Qd4+ 25. Kh2 Qf2+ 26. Kh1 Nf5 27. Rb3 0-1

[Event "Koge Xtracon op"]
[Site "Koge"]
[Date "2015.10.15"]
[Round "4"]
[White "Andersen, Bjarne Hjorth"]
[Black "Nielsen, Jens Holm"]
[Result "1-0"]
[WhiteElo "2037"]
[BlackElo "1827"]
[PlyCount "139"]
[EventDate "2015.10.12"]
[EventType "swiss"]
[EventRounds "9"]
[EventCountry "DEN"]
[SourceTitle "CBM 168 Extra"]
[Source "ChessBase"]
[SourceDate "2015.10.29"]
[SourceVersion "1"]
[SourceVersionDate "2015.10.29"]
[SourceQuality "1"]

1. e4 Nc6 2. Nf3 d5 3. exd5 Qxd5 4. Nc3 Qd6 5. Be2 g6 6. b3 Bg7 7. Bb2 Nf6 8. 0-0 0-0 9. a4 a6 10. Re1 Re8 11. Bc4 Bg4 12. h3 Bxf3 13. Qxf3 Ne5 14. Qe2 Nxc4 15. Qxc4 e6 16. Re2 c6 17. a5 Rad8 18. Na4 Qd5 19. Qb4 Qb5 20. Qxb5 cxb5 21. Nb6 Nd7 22. Bxg7 Kxg7 23. Nxd7 Rxd7 24. Kf1 Rc8 25. d3 Rc3 26. Ke1 Kf6 27. Kd2 Rdc7 28. Ra2 Ke7 29. Re4 f5 30. Rh4 Kf6 31. Rxh7 Rxd3+ 32. Kxd3 Rxh7 33. c4 Rd7+ 34. Kc3 bxc4 35. Kxc4 Rc7+ 36. Kd3 e5 37. f3 Kg5 38. g3 Rd7+ 39. Kc3 Rh7 40. h4+ Kf6 41. Rd2 Rc7+ 42. Kd3 Rc5 43. b4 Rc1 44. Ke2 Ke6 45. Rd1 Rc4 46. Rb1 Rc2+ 47. Kf1 Ra2 48. Rb3 e4 49. fxe4 fxe4 50. g4 Ke5 51. h5 gxh5 52. gxh5 Kf4 53. Rh3 Kg4 54. h6 Kxh3 55. h7 Kg3 56. h8Q Kf3 57. Qh5+ Ke3 58. Qc5+ Kf3 59. Qf5+ Ke3 60. Qh3+ Kf4 61. Qc3 Kf5 62. Qc8+ Kf4 63. Qxb7 Ra1+ 64. Ke2 Ra2+ 65. Kd1 Rg2 66. Qxa6 e3 67. Qf6+ Kg3 68. Qg5+ Kf2 69. Qxg2+ Kxg2 70. Ke2 1-0

[Event "Politiken Cup 37th"]
[Site "Helsingor"]
[Date "2015.07.28"]
[Round "5"]
[White "Taksrud, Vidar"]
[Black "Nielsen, Jens Holm"]
[Result "1/2-1/2"]
[WhiteElo "2048"]
[BlackElo "1836"]
[PlyCount "104"]
[EventDate "2015.07.25"]
[EventType "swiss"]
[EventRounds "10"]
[EventCountry "DEN"]
[SourceTitle "CBM 167 Extra"]
[Source "ChessBase"]
[SourceDate "2015.09.14"]
[SourceVersion "1"]
[SourceVersionDate "2015.09.14"]
[SourceQuality "1"]

1. e4 e5 2. Nf3 Nc6 3. Bb5 a6 4. Bxc6 dxc6 5. 0-0 Bg4 6. h3 h5 7. d3 Qf6 8. Nbd2 Bc5 9. Qe2 Ne7 10. Nb3 Bxf3 11. Qxf3 Qxf3 12. gxf3 Bd6 13. Be3 0-0-0 14. Rfd1 f6 15. Kf1 Rhg8 16. Ke2 g5 17. Rg1 b6 18. d4 Ng6 19. c4 Nf4+ 20. Bxf4 gxf4 21. c5 Be7 22. Rxg8 Rxg8 23. Rc1 Kb7 24. d5 Bxc5 25. Nxc5+ bxc5 26. Rxc5 cxd5 27. Rxd5 Kc6 28. b4 Rg1 29. Rd8 Ra1 30. Rf8 Rxa2+ 31. Kf1 Rb2 32. Rxf6+ Kb7 33. h4 Rxb4 34. Rf5 Rb5 35. Rxh5 a5 36. Ke2 a4 37. Rg5 a3 38. Rg1 a2 39. Ra1 Rb2+ 40. Kd3 Rxf2 41. Kc4 c6 42. Kc5 Kc7 43. h5 Rc2+ 44. Kb4 Rh2 45. Kc5 Rc2+ 46. Kb4 Kb6 47. h6 Rh2 48. Kc4 Rxh6 49. Rxa2 Rh3 50. Ra3 Rh8 51. Rb3+ Kc7 52. Ra3 Kd6 1/2-1/2

[Event "Amager-ch A"]
[Site "Amager"]
[Date "2014.10.21"]
[Round "7"]
[White "Nielsen, Jens Holm"]
[Black "Varming, Thomas"]
[Result "1/2-1/2"]
[WhiteElo "1675"]
[BlackElo "1899"]
[PlyCount "66"]
[EventDate "2014.08.19"]
[EventType "tourn"]
[EventRounds "7"]
[EventCountry "DEN"]
[SourceTitle "EXT 2023"]
[Source "ChessBase"]
[SourceDate "2022.10.05"]
[SourceVersion "1"]
[SourceVersionDate "2022.10.05"]
[SourceQuality "1"]

1. Nc3 d5 2. e4 dxe4 3. Nxe4 Nf6 4. Nxf6+ gxf6 5. Bc4 Qd6 6. Qh5 e6 7. d3 Nc6 8. Bd2 Bd7 9. 0-0-0 Ne5 10. Nf3 Ng6 11. g3 0-0-0 12. Bb5 Bxb5 13. Qxb5 Qd5 14. Qxd5 Rxd5 15. Be3 h5 16. h4 Be7 17. c4 Rd7 18. d4 Rhd8 19. Kc2 b6 20. Nd2 e5 21. d5 f5 22. Nb3 Bf6 23. Bg5 Be7 24. Bxe7 Nxe7 25. Rhe1 f6 26. Rd2 c6 27. dxc6 Rxd2+ 28. Nxd2 Nxc6 29. a3 Nd4+ 30. Kc3 Kc7 31. Re3 e4 32. f3 exf3 33. Nxf3 Nc6 1/2-1/2

[Event "Koge Xtracon op"]
[Site "Koge"]
[Date "2014.10.11"]
[Round "1"]
[White "Nielsen, Jens Holm"]
[Black "Larsen, Arne Walther"]
[Result "1-0"]
[WhiteElo "1811"]
[BlackElo "1894"]
[PlyCount "129"]
[EventDate "2014.10.11"]
[EventType "swiss"]
[EventRounds "9"]
[EventCountry "DEN"]
[SourceTitle "EXT 2015"]
[Source "ChessBase"]
[SourceDate "2014.11.20"]
[SourceVersion "1"]
[SourceVersionDate "2014.11.20"]
[SourceQuality "1"]

1. Nc3 g6 2. g3 Bg7 3. Bg2 d6 4. f4 c5 5. Nf3 Nc6 6. 0-0 Rb8 7. e3 Nf6 8. d3 0-0 9. Bd2 b5 10. e4 e6 11. Qe1 Qb6 12. Nd1 Nd4 13. Rc1 b4 14. c3 bxc3 15. bxc3 Nxf3+ 16. Bxf3 Qa6 17. c4 d5 18. e5 Nd7 19. cxd5 exd5 20. Bxd5 Qxd3 21. Bc4 Qd4+ 22. Qe3 Nb6 23. Qxd4 cxd4 24. Bd3 Be6 25. a3 Rfc8 26. Nf2 Bf8 27. Bb4 Bxb4 28. axb4 Nd5 29. Rxc8+ Rxc8 30. b5 Nc3 31. Ne4 Nxe4 32. Bxe4 Rd8 33. Bd3 Bf5 34. Bxf5 gxf5 35. Rd1 Kf8 36. Kf2 Ke7 37. Ra1 Rd7 38. Ke2 Ke6 39. Kd3 Kd5 40. Rc1 Rb7 41. Rc4 Rxb5 42. Rxd4+ Ke6 43. Rd6+ Ke7 44. Ra6 Rb2 45. Rxa7+ Kf8 46. Ra6 Rxh2 47. Rf6 Rg2 48. Rxf5 Rxg3+ 49. Ke4 Rg1 50. Rh5 Re1+ 51. Kf5 Kg7 52. Rg5+ Kf8 53. Rg4 Ra1 54. Kg5 Ra6 55. f5 Ra5 56. Re4 Kg7 57. f6+ Kf8 58. Kf5 h5 59. Rb4 Ra8 60. Kg5 h4 61. Rxh4 Kg8 62. Rb4 Re8 63. Kf5 Kf8 64. Rb7 Rxe5+ 65. Kxe5 1-0